Science Quiz

Random Science or Animal Quiz

Shark Animals - [Picture Click] Quiz Stats

 Plays Quiz not verified by Sporcle

Score 0/9 Timer 03:00
1 Play Today
% Correct
Great White Shark
99.1%
Hammerhead Shark
98.4%
Red-Tailed Black Shark
97.4%
Shark Bay Worm-Lizard
97.3%
Whale Shark
96.5%
Japanese Sawshark
95.8%
Shark Mackerel
86.6%
Bala Shark
75.5%
Iridescent Shark
56.3%

You're not logged in!

Compare scores with friends on all Sporcle quizzes.
OR
Log In

Show Comments

Extras

Top Quizzes Today


Score Distribution

Your Account Isn't Verified!

In order to create a playlist on Sporcle, you need to verify the email address you used during registration. Go to your Sporcle Settings to finish the process.

Report this User

Report this user for behavior that violates our Community Guidelines.

Details: